Songs In My Playlist - Statistics

General Stats
  • This quiz has been taken 6 times
  • The average score is 58 of 224
Answer Stats
Artist Year Released Song % Correct
Lynyrd Skynyrd 1974 Free Bird
83%
Shaboozey 2024 A Bar Song
67%
Maneskin 2017 Beggin
67%
The Four Seasons 1967 Beggin
67%
The Weeknd 2019 Blinding Lights
67%
The Mamas & the Papas 1965 California Dreamin
67%
Fleetwood Mac 1977 Dreams
67%
Tears For Fears 1985 Everybody Wants To Rule The World
67%
Gorillaz(Ft De La Soul) 2005 Feel Good Inc
67%
The Animals 1964 House of the Rising Sun
67%
The White Stripes 2003 Seven Nation Army
67%
Blur 1997 Song 2
67%
Steve Miller Band 1982 Abracadabra
50%
Bill Withers 1971 Ain't No Sunshine
50%
Kendrick Lamar and SZA 2018 All the Stars
50%
Stevie Nicks 1981 Edge of Seventeen
50%
Portugal. The Man 2017 Feel It Still
50%
Eminem 2024 Houdini
50%
Rag'n'Bone Man 2016 Human
50%
Post Malone(Ft Morgan Wallen) 2024 I Had Some Help
50%
Panic! At The Disco 2006 I Write Sins Not Tragedies
50%
The Clash 1982 Should I Stay or Should I Go
50%
Fleetwood Mac 1977 The Chain
50%
Maroon 5 2002 This Love
50%
DragonForce 2006 Through the Fire and Flames
50%
Childish Gambino 2013 3005
33%
Coldplay 2015 Adventure Of A Lifetime
33%
Kendrick Lamar 2015 Alright
33%
Nico & Vinz 2013 Am I Wrong
33%
Harry Styles 2022 As It Was
33%
Hanumankind(Ft Kalmi) 2024 Big Dawgs
33%
Rae Sremmurd(Ft Gucci Mane) 2016 Black Beatles
33%
Manfred Mann's Earth Band 1977 Blinded By The Light
33%
Lil Mosey 2020 Blueberry Faygo
33%
Green Day 2004 Boulevard of Broken Dreams
33%
Weezer 1994 Buddy Holly
33%
The Weeknd 2015 Can't Feel My Face
33%
Red Hot Chili Peppers 2002 Can't Stop
33%
Post Malone 2019 Circles
33%
The Beatles 1969 Come Together
33%
Post Malone 2017 Congratulations
33%
Aaron Smith 2014 Dancin
33%
King Harvest 1972 Dancing in the Moonlight
33%
Red Hot Chili Peppers 2016 Dark Necessities
33%
Steve Lacy 2017 Dark Red
33%
Arctic Monkeys 2013 Do I Wanna Know?
33%
Kanye West 2016 Father Stretch My Hands
33%
Childish Gambino 2018 Feels Like Summer
33%
Drake 2018 God's Plan
33%
Travis Scott(Ft Kendrick Lamar) 2016 goosebumps
33%
George Harrison 1987 Got My Mind Set On You
33%
Tears For Fears 1985 Head Over Heels
33%
Kanye West 2008 Heartless
33%
The Beatles 1965 Help!
33%
The Beatles 1963 I Want To Hold Your Hand
33%
KISS 1979 I Was Made For Lovin You
33%
Kendrick Lamar 2015 King Kunta
33%
David Bowie 1983 Let's Dance
33%
Future,Metro Boomin,and Kendrick Lamar 2024 Like That
33%
Fleetwood Mac 1987 Little Lies
33%
Juice WRLD 2018 Lucid Dreams
33%
J Cole 2019 MIDDLE CHILD/Middle Child
33%
Oliver Tree & Robin Schulz 2022 Miss You
33%
J Cole 2014 No Role Modelz
33%
The Rolling Stones 1966 Paint It Black
33%
Drake 2017 Passionfruit
33%
Kanye West 2010 Power
33%
Foster The People 2010 Pumped Up Kicks
33%
The Clash 1982 Rock the Casbah
33%
SAINt JHN(Imanbek) 2019 Roses
33%
Arizona Zervas 2019 ROXANNE/Roxanne
33%
XXXTENTACION 2018 SAD!/Sad!
33%
The Weeknd 2020 Save Your Tears
33%
Red Hot Chili Peppers 1999 Scar Tissue
33%
Tyler the Creator(Ft Kali Uchis) 2017 See You Again
33%
J Cole(Ft Amber Coffman and Cults) 2013 She Knows
33%
Travis Scott(Ft Drake) 2018 SICKO MODE
33%
Metro Boomin(Ft Gunna) 2019 Space Cadet
33%
The Weeknd(Ft Daft Punk) 2016 Starboy
33%
Kid LAROI(Ft Justin Bieber) 2021 STAY/Stay
33%
Tyler the Creator 2024 Sticky
33%
twenty one pilots 2015 Stressed Out
33%
Franz Ferdinand 2004 Take Me Out
33%
The Weeknd 2015 The Hills
33%
Grandmaster Flash & The Furious Five 1982 The Message
33%
Eminem 2000 The Real Slim Shady
33%
Travis Scott and Kid Cudi 2020 THE SCOTTS/The Scotts
33%
Kendrick Lamar 2024 tv off
33%
Red Hot Chili Peppers 1992 Under The Bridge
33%
The Beatles 1966 Yellow Submarine
33%
CoyoteForHire and Shaquille O'Neal 2023 3 Lokos
17%
Travis Scott(Ft Kacy Hill) 2015 90210
17%
Harry Styles 2019 Adore You
17%
Kali Uchis(Ft Tyler the Creator) 2018 After The Storm
17%
The Beatles 1964 A Hard Day's Night
17%
Cage The Elephant 2008 Ain't No Rest For The Wicked
17%
Oliver Tree 2018 Alien Boy
17%
Madvillain 2004 All Caps
17%
Oliver Tree 2018 All That
17%
Metro Boomin,Asap Rocky,and Roisee 2023 Am I Dreaming
17%
Metro Boomin,Swae Lee,Lil Wayne,and Offset 2023 Annihilate
17%
Arctic Monkeys 2013 Arabella
17%
Gorillaz(Ft Peter Hook & Georgia) 2020 Aries
17%
Sacri 2023 Atom
17%
Post Malone 2018 Better Now
17%
Gravity Falls 2014 Blanchin
17%
Danimal Cannon 2018 Boss Badass Theme
17%
The Ponderosa Twins Plus One 1971 Bound
17%
Sacri* 2023 Bowl Full of Semicolons
17%
Arctic Monkeys 2007 Brianstorm
17%
The Smashing Pumpkins 1995 Bullet With Butterfly Wings
17%
Karen O 2021 Bullet With Butterfly Wings
17%
AJR 2018 Burn The House Down
17%
Travis Scott 2017 BUTTERFLY EFFECT/Butterfly Effect
17%
Vampire Weekend 2008 Campus
17%
Kansas 1976 Carry on Wayward Son
17%
Jayden/Tiko Music 2023 Catch A Vibe
17%
Mac DeMarco 2014 Chamber of Reflection
17%
Waterflame 2012 Clutterfunk
17%
Cage The Elephant 2013 Come A Little Closer
17%
Oliver Tree 2022 Cowboys Don't Cry
17%
Metro Boomin, the Weeknd,P-Diddy,and 21 Savage. 2023 Creepin
17%
Kid Cudi 2009 Day N Nite
17%
The Beatles 1965 Day Tripper
17%
Gorillaz(Ft Fatoumata Diawara) 2020 Désolé/Desole
17%
The Beatles 1969 Don't Let Me Down
17%
The Beatles 1964 Eight Days A Week
17%
The Beatles 1966 Eleanor Rigby
17%
Waterflame 2015 Electroman Adventures V2
17%
Waterflame 2014 Endgame
17%
Red Hot Chili Peppers 2016 Feasting on the Flowers
17%
The White Stripes 2002 Fell In Love With A Girl
17%
Arctic Monkeys 2007 Fluorescent Adolescent
17%
Eminem(Ft Juice WRLD) 2020 Godzilla
17%
J Cole 2014 GOMD
17%
Baby Gravy 2023 Goodness Gracious
17%
Ellie Goulding(Ft Juice WRLD) 2019 Hate Me
17%
Travis Scott 2019 HIGHEST IN THE ROOM/Highest In The Room
17%
Kanye West(Ft Chris Martin) 2008 Homecoming
17%
LIL DARKIE 2023 Humans and Monsters/HUMANS AND MONSTERS
17%
Gorillaz(Ft Jack Black) 2018 Humility
17%
Simple Plan 2002 I'd Do Anything
17%
Labi Siffre 1975 I Got The...
17%
Travis Scott 2023 I KNOW?
17%
Simple Plan 2002 I'm Just A Kid
17%
Travis Scott 2015 Impossible
17%
Phil Collins 1981 In The Air Tonight
17%
KYLE(Ft Lil Yachty) 2016 iSpy
17%
Skycycle 1998 It's Terror Time Again
17%
Oliver Tree 2020 Jerk
17%
Benny the Butcher(Ft J Cole) 2022 Johnny P's Caddy
17%
Big Giant Circles 2011 Katana Blaster
17%
Arctic Monkeys 2013 Knee Socks
17%
Drake 2020 Laugh Now Cry Later
17%
Tame Impala 2015 Let It Happen
17%
Oliver Tree 2021 Life Goes On
17%
Oliver Tree(Ft Trippie Redd and Ski Mask the Slump God) 2021 Life Goes On Remix
17%
bbno$ 2024 lil freak
17%
MGMT 2017 Little Dark Age
17%
Scooby Doo Abracadabra Doo OST 2010 Magic
17%
Kanye West Unreleased Mama's Boyfriend
17%
Atomic Fireballs 1998 Man With the Hex
17%
Lil Mabu 2023 MATHEMATICAL DISRESPECT/Mathematical Disrespect
17%
Dick Dale 1962 Miserlou
17%
Gorillaz(Ft slowthai & Slaves) 2020 Momentary Bliss
17%
Kendrick Lamar(Ft Jay Rock) 2012 Money Trees
17%
Kid Cudi 2010 Mr Rager
17%
D12(Ft Cameo) 2004 My Band
17%
Travis Scott 2023 My Eyes/ MY EYES
17%
Eminem 1999 My Name Is
17%
Tame Impala 2015 New Person, Same Old Mistakes
17%
Scorpions 1982 No One Like You
17%
The Rare Occasions 2021 Notion
17%
Gorillaz(Ft ScHoolboy Q) 2020 PAC-MAN
17%
Lil Nas X 2019 Panini
17%
Coi Leray 2022 Players
17%
BoyWithUke 2022 Prairies
17%
Lil Dicky(Ft Snoop Dogg) 2015 Professional Rapper
17%
Post Malone 2018 Psycho
17%
Lil Tecca 2019 Ransom
17%
Childish Gambino 2016 Redbone
17%
Fleetwood Mac 1976 Rhiannon
17%
twenty one pilots 2015 Ride
17%
Post Malone(Ft 21 Savage) 2017 rockstar
17%
DaBaby(Ft Roddy Rich) 2020 Rockstar
17%
Falling In Reverse(Ft Tech N9NE) 2024 Ronald
17%
Arctic Monkeys 2013 R U Mine?
17%
Gorillaz(Ft Popcaan) 2017 Saturnz Barz
17%
Travis Scott 2016 sdp interlude
17%
Mac Miller 2018 Self Care
17%
Red Hot Chili Peppers 2016 Sick Love
17%
BoyWithUke(Ft Oliver Tree) 2022 Sick of U
17%
Gorillaz(Ft Adeleye Omotayo) 2023 Silent Running
17%
Foster The People 2017 Sit Next To Me
17%
Childish Gambino 2014 Sober
17%
Samuel Miller 2013 Stepping Out
17%
Paula Abdul 1988 Straight Up
17%
Gorillaz(Ft Bobby Womack and Mos Def) 2010 Stylo
17%
Glass Animals 2016 Take A Slice
17%
Tyler The Creator 2019 THANK YOU/Thank You
17%
Roddy Rich 2020 The Box
17%
Red Hot Chili Peppers 2016 The Getaway
17%
The White Stripes 2003 The Hardest Button To Button
17%
Oliver Tree & Little Big 2021 The Internet
17%
Tame Impala 2015 The Less I Know The Better
17%
Thundercat 2015 Them Changes
17%
Coach Z 2019 These Peoples Try to Fade Me
17%
Gorillaz(Ft Beck) 2020 The Valley of the Pagans
17%
Bad Moves 2016 The Verge
17%
Franz Ferdinand 2003 This Fire
17%
The Beatles 1965 Ticket To Ride
17%
Gorillaz 2018 Tranz
17%
Lil Mabu 2023 TRIP TO THE HOOD/Trip To The Hood
17%
Cage The Elephant 2016 Trouble
17%
Oliver Tree & Little Big(Ft Tommy Cash) 2021 TURN IT UP/Turn It Up
17%
BoyWithUke 2022 Understand
17%
Raue 2024 Vodka & Soda/Vodka and Soda
17%
Chris Brown 2024 Weakest Link
17%
Jack Harlow(Ft Dababy,Tory Lanez,and Lil Wayne) 2020 WHATS POPPIN/Whats Poppin
17%
Hot Hot Heat 2011 Who You Calling Kid
17%
Arctic Monkeys 2013 Why'd You Only Call Me When You're High
17%
White Town 1997 Your Woman
17%
The Beatles 1969 Here Comes The Sun
0%
Oliver Tree 2020 Let Me Down
0%
No matching quizzes found
Score Distribution
Percent of People with Each Score
Percentile by Number Answered
Your Score History
You have not taken this quiz